000 01377nam2a22002411 4500
001 RU\NLR\INFOCOMM31\1000078236
005 20250617111719.0
035 _a(NLR Aleph) 002568871
090 _a3171117
_c3171117
100 _a20040609d1978 |||y0rusy50 ca
101 0 _arus
102 _aRU
105 _ay |||||||||
200 1 _aО нравственном воспитании в вузах
210 _d1978
_aБ. м.
461 0 _1001RU\NLR\INFOCOMM31\1000078232
_12001#$aОбучение и коммунистическое воспитание в высших и средних специальных учебных заведениях$eНауч.-реф. сборник$fМ-во высш. и сред. спец. образ. СССР. НИИ пробл. высш. школы. Отд. науч. информ.$v1978, Вып.4
_93171083
_cМ.
_d1978
_fМ-во высш. и сред. спец. образ. СССР. НИИ пробл. высш. школы. Отд. науч. информ.
_oНауч.-реф. сборник
_tОбучение и коммунистическое воспитание в высших и средних специальных учебных заведениях
_v1978, Вып.4
801 1 _aRU
_bInfoComm
_c20040609
801 0 _aRU
_bNLR
_gPSBO
852 _aNLR
_bС
_jП-1/1200
942 _cISSUE
980 _aNB
980 _aRUSPER